Statistics for U.S. General Knowledge #31

Click here to take the quiz!

General Stats

  • This quiz has been taken 6,228 times
  • The average score is 11 of 20

Answer Stats

Question Answer % Correct
According to "Saturday Night Live", what country can Sarah Palin see from her house?Russia
91%
Technically speaking, who elects the U.S. President?Electoral College
76%
Which South Park character has died dozens of times?Kenny
73%
What New Mexico city is associated with a 1947 UFO crash?Roswell
71%
What corporate mascot busts through a wall and then says "Oh Yeah"?{Kool}-{Aid} Man
68%
Who was the first director of the FBI?J. Edgar Hoover
68%
What is the name of the U.S. Presidential retreat?Camp David
66%
What does E stand for in FEMA?Emergency
61%
Near what major city would you find the headquarters of the Centers for Disease Control?Atlanta
60%
What is the motto of the U.S. Marines?Semper Fidelis
59%
Who was Desi Arnaz married to from 1940 to 1960?Lucille Ball
58%
What beer is advertised by "The World's Most Interesting Man"?Dos Equis
55%
What period of American history lasted from 1865-1877?Reconstruction
54%
Which U.S. state holds the first presidential primary?New Hampshire
53%
What was the name of George Washington's estate?Mount Vernon
46%
Who designed the pink suit that Jackie Kennedy was wearing on the day her
husband was assassinated?
Coco Chanel
44%
Which U.S. state honors some of its citizens by making them honorary colonels?Kentucky
43%
How much is two bits worth?25 cents
36%
Which U.S. national park receives the most visitors? (hint: it's in the Eastern U.S.)Great Smoky Mountains
28%
What brand of cookies are often thought to be a knockoff of Oreos, but actually came first?Hydrox
26%

Score Distribution

Percentile by Number Answered

Percent of People with Each Score

Your Score History

You have not taken this quiz